000
00302cam a2200121ua 4500
082
_a
828.09
_b
SAI/SH
100
_a
Saintsbury, George .
_9
1744
245
_a
Short History of English Literature /
250
_a
1 /
260
_a
London :
_b
McMillon & Co Ltd ,
_c
1964.
300
_a
818 ; .
942
_c
BK
999
_c
7602
_d
7602